000 00878cam a2200217 i 4500
020 _a9789843424907
040 _cDLC
082 _a334 ROM 2017 A042 Or.
245 1 0 _aProceedings of the Technical Symposium on Nutrition-Sensitive Agriculture :
_bbringing Agriculture into the Dialogue for Improving Nutrition Outcomes /
246 1 8 _aNutrition-sensitive agriculture (NSA)
300 _ax, 130 pages :
_bcolor illustrations, color map ;
_c30 cm.
490 0 _aNSA series ;
500 _aIncludes statistical tables.
520 _aContributed articles presented at the Symposium co-managed and supported by many national and international agencies.
650 0 _aNutrition policy
650 0 _aAgriculture and state
700 1 _aBhattacharjee, Lalita,
710 2 _aFood and Agriculture Organization of the United Nations,
710 1 _aBangladesh.
942 _cAEDBB
999 _c20863
_d20863